<?xml version="1.0" encoding="UTF-8"?><?xml-stylesheet type="text/xsl" href="static/style.xsl"?><OAI-PMH xmlns="http://www.openarchives.org/OAI/2.0/" xmlns:xsi="http://www.w3.org/2001/XMLSchema-instance" xsi:schemaLocation="http://www.openarchives.org/OAI/2.0/ http://www.openarchives.org/OAI/2.0/OAI-PMH.xsd"><responseDate>2026-06-29T21:55:01Z</responseDate><request verb="GetRecord" identifier="oai:riubu.ubu.es:10259/192" metadataPrefix="marc">https://riubu.ubu.es/oai/request</request><GetRecord><record><header><identifier>oai:riubu.ubu.es:10259/192</identifier><datestamp>2022-04-26T11:42:11Z</datestamp><setSpec>com_10259_2699</setSpec><setSpec>col_10259_2713</setSpec></header><metadata><record xmlns="http://www.loc.gov/MARC21/slim" xmlns:doc="http://www.lyncode.com/xoai" xmlns:xsi="http://www.w3.org/2001/XMLSchema-instance" xmlns:dcterms="http://purl.org/dc/terms/" xsi:schemaLocation="http://www.loc.gov/MARC21/slim http://www.loc.gov/standards/marcxml/schema/MARC21slim.xsd">
<leader>00925njm 22002777a 4500</leader>
<datafield tag="042" ind1=" " ind2=" ">
<subfield code="a">dc</subfield>
</datafield>
<datafield tag="720" ind1=" " ind2=" ">
<subfield code="a">Mendonça, Conceição Aparecida Soares</subfield>
<subfield code="e">author</subfield>
</datafield>
<datafield tag="260" ind1=" " ind2=" ">
<subfield code="c">2012</subfield>
</datafield>
<datafield tag="520" ind1=" " ind2=" ">
<subfield code="a">La presente investigación cualitativa descriptiva, del tipo intervención, tuvo como&#xd;
objetivo central analizar la influencia que los mapas conceptuales ejercen en su&#xd;
propósito final, que es favorecer el aprendizaje significativo. Se desarrollaron cinco&#xd;
estudios en el área de las Ciencias Naturales, con contenidos diferentes y con énfasis en&#xd;
los conocimientos específicos de la Biología, con alumnos de la Enseñanza Primaria y&#xd;
Licenciandos en Biología, en tres instituciones diferentes, localizadas en el Estado de&#xd;
Pernambuco, en la región Nordeste de Brasil. La investigación está fundamentada en los&#xd;
presupuestos teóricos de la Teoría del Aprendizaje Significativo (TAS), que&#xd;
posibilitaron la inserción y el análisis progresivos de mapas conceptuales. Los mapas&#xd;
conceptuales se elaboraron antes, durante y después del estudio de los diferentes temas.&#xd;
El análisis de los mapas se centró en los procesos de aprendizaje y evaluación y tuvo un&#xd;
enfoque cualitativo, con el objetivo de verificar si los alumnos consiguieron relacionar&#xd;
los conceptos estudiados según los principios ausubelianos de la diferenciación&#xd;
progresiva y de la reconciliación integradora, investigando indicios de aprendizaje&#xd;
significativo. Además de los mapas conceptuales, la investigación recurrió a datos&#xd;
recogidos por medio de otros instrumentos: anotaciones en el cuaderno de&#xd;
observaciones de la investigadora sobre actividades de clase y extraescolares,&#xd;
grabaciones de las presentaciones de los mapas en casete, pretests, postests,&#xd;
evaluaciones finales del contenido, cuestionarios evaluativos y entrevistas&#xd;
semiestructuradas. La investigación revela que los mapas conceptuales elaborados por&#xd;
los alumnos en los cinco estudios fueron herramientas poderosas para observar el&#xd;
cambio de significados atribuidos a los conceptos que se estaban trabajando. De modo&#xd;
general, los análisis indican que el uso de los mapas conceptuales promovió ventajas en&#xd;
el aprendizaje significativo en todos los contextos investigados.</subfield>
</datafield>
<datafield tag="024" ind2=" " ind1="8">
<subfield code="a">http://hdl.handle.net/10259/192</subfield>
</datafield>
<datafield tag="024" ind2=" " ind1="8">
<subfield code="a">10.36443/10259/192</subfield>
</datafield>
<datafield ind1=" " ind2=" " tag="653">
<subfield code="a">Enseñanza de Ciencias</subfield>
</datafield>
<datafield ind1=" " ind2=" " tag="653">
<subfield code="a">Mapas Conceptuales</subfield>
</datafield>
<datafield ind1=" " ind2=" " tag="653">
<subfield code="a">Aprendizaje Significativo</subfield>
</datafield>
<datafield ind1=" " ind2=" " tag="653">
<subfield code="a">Educación Básica</subfield>
</datafield>
<datafield ind1=" " ind2=" " tag="653">
<subfield code="a">Licenciandos en Biología</subfield>
</datafield>
<datafield ind1=" " ind2=" " tag="653">
<subfield code="a">Science Education</subfield>
</datafield>
<datafield ind1=" " ind2=" " tag="653">
<subfield code="a">Concept Maps</subfield>
</datafield>
<datafield ind1=" " ind2=" " tag="653">
<subfield code="a">Meaningful Learning</subfield>
</datafield>
<datafield ind1=" " ind2=" " tag="653">
<subfield code="a">Basic Education</subfield>
</datafield>
<datafield ind1=" " ind2=" " tag="653">
<subfield code="a">Undergraduates in Biology</subfield>
</datafield>
<datafield tag="245" ind1="0" ind2="0">
<subfield code="a">O uso do mapa conceitual progressivo como recurso&#xd;
facilitador da aprendizagem significativa&#xd;
em Ciências Naturais e Biologia</subfield>
</datafield>
</record></metadata></record></GetRecord></OAI-PMH>